| 000 | 00659cam a2200205 a 4500 | ||
|---|---|---|---|
| 001 | 000008108 | ||
| 005 | 20200929154434.0 | ||
| 008 | 770219s1968 ve 000 0 spa | ||
| 040 |
_aDO-SdBNP _bspa _cBNPHU |
||
| 082 |
_aV863.44 _bI98a |
||
| 100 | 1 |
_aIzaguirre, Rodolfo, _d1931- _922019 |
|
| 245 | 1 | 0 |
_aAlacranes / _cRodolfo Izaguirre. |
| 260 |
_aCaracas, Venezuela : _bDirección de Cultura ; _bUniversidad Central de Venezuela, _c1968. |
||
| 300 |
_a147 p. ; _c19 cm. |
||
| 490 | 1 |
_aLetras de Venezuela _v10 |
|
| 650 | 4 |
_aNovela venezolana _93962 |
|
| 650 | 4 |
_aLiteratura venezolana _93816 |
|
| 830 | 0 |
_aLetras de Venezuela ; _v10 _917348 |
|
| 910 | _aEn proceso | ||
| 999 |
_c7885 _d7885 |
||